00786 2200277 4500001002100000005001700021008004100038020002200079035002400101040001200125041000800137082001900145084001900164090002300183100002600206245008700232250001100319260003900330300003500369500001100404504002600415650001000441700002300451850001200474990002200486INLIS00000000002949520170725092549.0  a978-602-2340-22-5 0010-071700000000665 aYOPDYOG0 aind042[23]a899.2212 a899.2212 Bin D aDEP 899.2212 Bin D0 aBINTANG ANGKASA PUTRA1 aDramab: teori dan pementasanc/ Bintang Angkasa Putra; editor, Desriana D. Soraya aCet. 1 aYogyakartabCitra Aji Paramac2012 aiv, 92 hlm.b: ilus.c; 21 cm. aIndeks aBibliografi : hlm. 91 4aDrama0 aDesriana D. Soraya aYOPDYOG aCB-D.11/2012-2763